000 00684nam a2200193Ia 4500
008 140527s9999 xx 000 0 und d
020 _a9781591585664
050 _aZ 718.5
_b.F37 2011
100 _aFarrelly, Michael Garrett
245 _aMake room for teens! :
_breflections on developing teen spaces in libraries /
_cMichael Garrett Farrelly.
260 _aSanta Barbara, California :
_bLibraries Unlimited, 
_cc2011.
300 _a102 p. :
_c24 cm.
440 _aLibraries Unlimited professional guides for young adult librarians series
500 _aIncludes index.
521 _aGE
650 _aLibraries
_xSpace utilization
942 _kFOR
_cBK
999 _c117509
_d117509